| 000 | 00510 a2200181 4500 | ||
|---|---|---|---|
| 003 | OSt | ||
| 005 | 20240131104858.0 | ||
| 008 | 240131b |||||||| |||| 00| 0 eng d | ||
| 020 | _a8182710081 | ||
| 040 | _coclc | ||
| 082 |
_a297.5 _bMOU/C |
||
| 100 |
_aMoududi, Abul A'ala _92077 |
||
| 245 |
_aChodyotharam / _cAbul A'ala Moudoodi |
||
| 250 | _a5th ed. | ||
| 260 |
_aKozhikode: _bIslamic Publishing House, _c2004. |
||
| 300 | _a244p. | ||
| 942 |
_2ddc _cBK _h297.5 _iMOU/C _k297.5 _mMOU/C |
||
| 999 |
_c43387 _d43387 |
||